Caribbean rum : a social and economic history
Αποθηκεύτηκε σε:
| Κύριος συγγραφέας: | |
|---|---|
| Μορφή: | Βιβλίο |
| Γλώσσα: | English |
| Δημοσίευση: |
Gainesville :
University Press of Florida,
c2005.
|
| Θέματα: | |
| Ετικέτες: |
Προσθήκη ετικέτας
Δεν υπάρχουν, Καταχωρήστε ετικέτα πρώτοι!
|
MARC
| LEADER | 00000nam a2200000 a 4500 | ||
|---|---|---|---|
| 001 | 1/127400 | ||
| 008 | 231004s2005####us | ||| |||| ||eng|| | ||
| 020 | |a 0813028671 | ||
| 040 | |a GR-MyUa |b gre |c GR-MyUa |e AACR2 | ||
| 041 | 0 | |a eng | |
| 082 | 7 | |a 394.12 |2 (23) | |
| 100 | 1 | |a Smith, Frederick H. |q (Frederick Harold), |d 1966- | |
| 245 | 1 | 0 | |a Caribbean rum : |b a social and economic history / |c Frederick H. Smith. |
| 260 | |a Gainesville : |b University Press of Florida, |c c2005. | ||
| 300 | |a 339 σ. : |b εικ., πιν. ; |c 24 εκ. | ||
| 504 | |a Βιβλιογραφία : σ. 291-324. Ευρετήριο. | ||
| 650 | 0 | |a Rum |x History |z Caribbean Area. | |
| 650 | 0 | |a Rum |x Social aspects |z Caribbean Area. | |
| 650 | 0 | |a Rum |x Economic aspects |z Caribbean Area. | |
| 852 | |a INST |b LESVOS |e 20231004 |h 394.12 SMI |p 005100065141 |q 005100065141 |t BK |y 0 | ||
| 970 | |a Καμάτσου |b Δέσποινα |z 04-10-2023 | ||